[Event "I Festival Spiaggia di Velluto A"]
[Site "Senigallia ITA"]
[Date "2010.07.31"]
[Round "7"]
[White "Della Rocca, Giuseppe"]
[Black "De Paoli, Emilio"]
[Result "1/2-1/2"]
[WhiteElo "1716"]
[BlackElo "1862"]
[PlyCount "64"]
[EventDate "2010.07.26"]

1. c4 e5 2. Nc3 Bb4 3. g3 Nf6 4. Bg2 O-O 5. d3 Re8 6. Qc2 c6 7. a3 Bf8 8. Nf3
h6 9. O-O d5 10. cxd5 cxd5 11. Bd2 Nc6 12. e3 Be6 13. Rac1 Rc8 14. Qa4 Bf5 15.
d4 e4 16. Ne5 Rxe5 17. dxe5 Nxe5 18. Ne2 Nf3+ 19. Bxf3 exf3 20. Nd4 Bd3 21.
Nxf3 Bxf1 22. Kxf1 Rxc1+ 23. Bxc1 Ne4 24. Qc2 Qf6 25. Kg2 g5 26. Qe2 h5 27. b4
h4 28. Bb2 Qh6 29. Nd4 h3+ 30. Kg1 Qg6 31. Qg4 Nd2 32. Nf5 f6 1/2-1/2

[Event "I Festival Spiaggia di Velluto A"]
[Site "Senigallia ITA"]
[Date "2010.07.31"]
[Round "7"]
[White "Gorgoglione, Enrico"]
[Black "Rago, Riccardo"]
[Result "1/2-1/2"]
[WhiteElo "1938"]
[BlackElo "2103"]
[PlyCount "63"]
[EventDate "2010.07.26"]

1. e4 e6 2. d4 d5 3. Nd2 Nf6 4. e5 Nfd7 5. Bd3 c5 6. c3 Nc6 7. Ne2 cxd4 8. cxd4
Qb6 9. Qb3 Bb4 10. O-O f6 11. exf6 Nxf6 12. Nf3 O-O 13. Be3 Bd7 14. a3 Bc5 15.
Qc2 Bd6 16. Ng5 h6 17. Nh7 Nxh7 18. Bxh7+ Kh8 19. Rad1 Qd8 20. Bg6 Rc8 21. Qd2
Qf6 22. Bb1 Ne7 23. Qd3 Qf5 24. Ng3 Qxd3 25. Bxd3 Kg8 26. Rc1 Nc6 27. Ne2 a6
28. Rc2 e5 29. Rc3 exd4 30. Nxd4 Be5 31. Nxc6 Bxc6 32. Rc2 1/2-1/2

[Event "I Festival Spiaggia di Velluto A"]
[Site "Senigallia ITA"]
[Date "2010.07.31"]
[Round "7"]
[White "Loccisano, Giuseppe"]
[Black "Liverani, Matteo"]
[Result "1/2-1/2"]
[WhiteElo "1828"]
[BlackElo "1842"]
[PlyCount "67"]
[EventDate "2010.07.26"]

1. e4 e6 2. d4 d5 3. e5 c5 4. c3 Nc6 5. Nf3 Qb6 6. Bd3 Bd7 7. dxc5 Qc7 8. Bf4
Bxc5 9. O-O Nge7 10. Re1 f5 11. Qe2 Ng6 12. Be3 Be7 13. Bd4 Nf4 14. Qc2 Nxd3
15. Qxd3 Nxd4 16. cxd4 O-O 17. Nc3 a6 18. Rac1 Rac8 19. Nxd5 Qxc1 20. Nxe7+ Kf7
21. Nxc8 Rxc8 22. Rxc1 Rxc1+ 23. Qf1 Rxf1+ 24. Kxf1 h6 25. h4 Bb5+ 26. Ke1 Kg6
27. g3 Kh5 28. Kd2 Kg4 29. Ke3 g5 30. hxg5 hxg5 31. Ne1 f4+ 32. gxf4 gxf4+ 33.
Kd2 Kf5 34. f3 1/2-1/2

[Event "I Festival Spiaggia di Velluto A"]
[Site "Senigallia ITA"]
[Date "2010.07.31"]
[Round "7"]
[White "Lotti, Fabio"]
[Black "Schiappoli, Dario"]
[Result "1/2-1/2"]
[WhiteElo "2033"]
[BlackElo "1944"]
[PlyCount "45"]
[EventDate "2010.07.26"]

1. d4 Nf6 2. Nf3 c5 3. e3 b6 4. Bd3 Bb7 5. Nbd2 g6 6. c3 Bg7 7. Qe2 O-O 8. O-O
d6 9. e4 cxd4 10. cxd4 Nc6 11. a3 Nh5 12. Nb3 e5 13. dxe5 Nxe5 14. Nxe5 dxe5
15. g3 Qd7 16. Re1 Kh8 17. Bd2 Qa4 18. Nc1 Qd7 19. Bc3 Rad8 20. Bb5 Qh3 21. Qf1
Qg4 22. Qe2 Qh3 23. Qf1 1/2-1/2

[Event "I Festival Spiaggia di Velluto A"]
[Site "Senigallia ITA"]
[Date "2010.07.31"]
[Round "7"]
[White "Maddaloni, Giovanni"]
[Black "Marvin, Elio"]
[Result "1-0"]
[WhiteElo "1785"]
[BlackElo "1712"]
[PlyCount "129"]
[EventDate "2010.07.26"]

1. e4 e5 2. Nf3 d6 3. Be2 c5 4. O-O Be7 5. Re1 Nf6 6. d3 O-O 7. c3 h6 8. Qc2
Nc6 9. a4 a6 10. Nbd2 Be6 11. b3 Rc8 12. Nc4 b6 13. h3 Qc7 14. Bf1 Rfe8 15. Bd2
Bf8 16. Ne3 Ne7 17. c4 a5 18. Nd5 Nfxd5 19. exd5 Bf5 20. Be2 g5 21. Nh2 Bg7 22.
Rad1 Bd7 23. Bg4 f5 24. Bh5 Rf8 25. f4 Be8 26. Bxe8 Rcxe8 27. fxg5 f4 28. gxh6
Bxh6 29. Ng4 Bg7 30. Rf1 Nf5 31. Rde1 Qc8 32. Qd1 Ng3 33. Rf3 Qf5 34. Bc1 Qg6
35. Be3 e4 36. dxe4 Nxe4 37. Rxf4 Rxf4 38. Bxf4 Nc3 39. Rxe8+ Qxe8 40. Qf3 Qe1+
41. Kh2 Ne2 42. Be3 Nd4 43. Qg3 Qxg3+ 44. Kxg3 Nxb3 45. Bf4 Bf8 46. Nf6+ Kf7
47. Ne4 Nd4 48. Kg4 Nc2 49. h4 Na3 50. Bxd6 Nxc4 51. Bxf8 Ne3+ 52. Kg5 Nxd5 53.
Bxc5 bxc5 54. Nxc5 Nf6 55. g4 Nd5 56. Nb7 Nc3 57. Nxa5 Nxa4 58. Kf5 Nc5 59. g5
Nd7 60. Nc6 Kg7 61. h5 Nf8 62. Ne5 Kg8 63. h6 Nh7 64. g6 Nf8 65. Ng4 1-0

[Event "I Festival Spiaggia di Velluto A"]
[Site "Senigallia ITA"]
[Date "2010.07.31"]
[Round "7"]
[White "Maggiore, Francesco"]
[Black "Adami, Antonio"]
[Result "1-0"]
[WhiteElo "1767"]
[BlackElo "1698"]
[PlyCount "71"]
[EventDate "2010.07.26"]

1. e4 c5 2. Nc3 Nc6 3. g3 g6 4. Bg2 Rb8 5. f4 e6 6. d3 Bg7 7. Be3 d6 8. Nf3 b5
9. Rb1 Qa5 10. e5 b4 11. Ne2 b3+ 12. Bd2 bxc2 13. Qxc2 Qxa2 14. O-O Nh6 15.
exd6 Bd7 16. Qxc5 O-O 17. Qc4 Qxc4 18. dxc4 Bxb2 19. Bc3 Ba3 20. Ne5 Nxe5 21.
fxe5 Bc5+ 22. Bd4 Bxd4+ 23. Nxd4 Rbc8 24. Rbc1 Rc5 25. Rfe1 Rfc8 26. Bb7 Rb8
27. Nb3 Rbc8 28. Bxc8 Rxc8 29. c5 Nf5 30. g4 Nh4 31. Kf2 Bc6 32. Nd4 Kf8 33.
Nxc6 Rxc6 34. d7 Ke7 35. Red1 Kd8 36. Rb1 1-0

[Event "I Festival Spiaggia di Velluto A"]
[Site "Senigallia ITA"]
[Date "2010.07.31"]
[Round "7"]
[White "Monducci, Mirko"]
[Black "Nagni, Marco"]
[Result "1-0"]
[WhiteElo "1948"]
[BlackElo "1898"]
[PlyCount "59"]
[EventDate "2010.07.26"]

1. d4 d5 2. c4 e6 3. Nc3 Nf6 4. Bg5 Nbd7 5. cxd5 exd5 6. Nf3 c6 7. e3 Be7 8.
Bd3 O-O 9. O-O Re8 10. Rc1 Nf8 11. Ne5 N6d7 12. Bxe7 Qxe7 13. Nxd7 Nxd7 14. Re1
Nf6 15. a3 a5 16. Na4 Bg4 17. f3 Bh5 18. Qd2 Nd7 19. Nc5 Nb6 20. Kh1 Bg6 21. e4
Qc7 22. b4 Nd7 23. b5 Nxc5 24. Rxc5 dxe4 25. Bxe4 Bxe4 26. fxe4 Qd6 27. e5 Qd8
28. bxc6 bxc6 29. Rxc6 Rxe5 30. Rxe5 1-0

[Event "I Festival Spiaggia di Velluto A"]
[Site "Senigallia ITA"]
[Date "2010.07.31"]
[Round "7"]
[White "Pescatore, Lorenzo"]
[Black "Burani, Eugenio"]
[Result "1-0"]
[WhiteElo "1980"]
[BlackElo "1947"]
[PlyCount "140"]
[EventDate "2010.07.26"]

1. e4 c5 2. Nc3 e6 3. f4 d5 4. Bb5+ Nc6 5. Nf3 d4 6. Bxc6+ bxc6 7. Ne2 Nf6 8.
d3 Ba6 9. b3 Be7 10. O-O Qc7 11. Qe1 Rd8 12. Bd2 Nd7 13. Qg3 g6 14. Qh3 Nf6 15.
Rae1 Bc8 16. g4 h5 17. g5 Nh7 18. Qg2 Rg8 19. h4 Ba6 20. Kh1 Bd6 21. f5 e5 22.
fxg6 fxg6 23. Rf2 Rd7 24. Ref1 Rf8 25. Ne1 Rdf7 26. Rxf7 Rxf7 27. Nf3 Bc8 28.
Nh2 Nf8 29. Rxf7 Qxf7 30. Qf3 Qxf3+ 31. Nxf3 Ne6 32. Kg2 Nc7 33. Bc1 Nb5 34.
Bb2 Ke7 35. Nd2 Ke6 36. Nc4 Be7 37. Ng1 Nd6 38. Na5 Kd7 39. Nf3 Nf7 40. Bc1 Ba6
41. Bd2 Bc8 42. Be1 Ba6 43. Bg3 Bd6 44. Kf2 Kc7 45. Nd2 Kd7 46. Ke2 Bc7 47.
Nac4 Ke6 48. Nf3 Bxc4 49. bxc4 Kd7 50. Nd2 Kc8 51. Nb3 Bd6 52. Be1 Kb7 53. Bd2
Nd8 54. Bc1 Ne6 55. Kf3 Kb6 56. Bd2 Kb7 57. Ba5 Ka6 58. Bd2 Kb7 59. Nc1 Kb6 60.
Ne2 Nc7 61. Ng3 Ne6 62. Nf5 gxf5 63. exf5 Ng7 64. Ke4 Kc7 65. f6 Ne8 66. Kf5
Kd7 67. g6 Bf8 68. Kxe5 Bd6+ 69. Kf5 Bf8 70. Bf4 Nxf6 1-0

[Event "I Festival Spiaggia di Velluto A"]
[Site "Senigallia ITA"]
[Date "2010.07.31"]
[Round "7"]
[White "Rizzardi, Franco"]
[Black "Borgiani, Flavio"]
[Result "1-0"]
[WhiteElo "2002"]
[BlackElo "2194"]
[PlyCount "65"]
[EventDate "2010.07.26"]

1. e4 c5 2. Nf3 e6 3. Nc3 a6 4. d4 cxd4 5. Nxd4 Qc7 6. Bd3 Nc6 7. Be3 Nf6 8.
O-O Bd6 9. Nxc6 bxc6 10. f4 e5 11. g3 O-O 12. Qf3 Rb8 13. Rab1 Qa5 14. Kg2 Bc7
15. Rfd1 d5 16. Bd2 Bg4 17. Qf2 Qb6 18. Rf1 Qxf2+ 19. Rxf2 Rfd8 20. Bc1 dxe4
21. Nxe4 Nd5 22. h3 Bc8 23. fxe5 Bxe5 24. Ng5 Nf6 25. Bc4 Rf8 26. Be3 h6 27.
Nf3 Rxb2 28. Rxb2 Bxb2 29. Nh4 Ne4 30. Rf1 Nd6 31. Bb3 g5 32. Bc5 Be5 33. Ng6
1-0

[Event "I Festival Spiaggia di Velluto A"]
[Site "Senigallia ITA"]
[Date "2010.07.31"]
[Round "7"]
[White "Rizzi, Pietro"]
[Black "Riano', Mirko Alessio"]
[Result "1/2-1/2"]
[WhiteElo "1595"]
[BlackElo "1521"]
[PlyCount "46"]
[EventDate "2010.07.26"]

1. e4 e6 2. d4 d5 3. Nd2 dxe4 4. Nxe4 Nf6 5. Bg5 Be7 6. Bxf6 Bxf6 7. Nxf6+ Qxf6
8. Nf3 O-O 9. Bd3 Nc6 10. O-O Rd8 11. c3 Ne7 12. Ne5 Bd7 13. Re1 Bc6 14. Nxc6
Nxc6 15. Re3 e5 16. d5 Ne7 17. Qh5 g6 18. Qxe5 Qxe5 19. Rxe5 Nxd5 20. Bc4 Nb6
21. Bb3 Kf8 22. Rae1 Re8 23. Kf1 Rxe5 1/2-1/2

[Event "I Festival Spiaggia di Velluto A"]
[Site "Senigallia ITA"]
[Date "2010.07.31"]
[Round "7"]
[White "Rotoni, Matteo"]
[Black "Frontini, Fabio"]
[Result "1-0"]
[WhiteElo "2148"]
[BlackElo "1965"]
[PlyCount "61"]
[EventDate "2010.07.26"]

1. e4 c6 2. d4 d5 3. e5 Bf5 4. Nf3 Bg4 5. Be2 e6 6. O-O c5 7. c3 Nc6 8. Be3 Qb6
9. Qd2 Bxf3 10. Bxf3 cxd4 11. cxd4 Nge7 12. Nc3 Nf5 13. Rfd1 Be7 14. g4 Nh4 15.
Be2 Qd8 16. Rf1 f5 17. exf6 gxf6 18. f4 f5 19. g5 h6 20. Kh1 hxg5 21. fxg5 Ng6
22. Rf2 a6 23. Bd3 Bd6 24. Re1 Qc7 25. Ree2 O-O-O 26. Rxf5 Bxh2 27. Rxh2 Rxh2+
28. Qxh2 Qxh2+ 29. Kxh2 exf5 30. Bxf5+ Kc7 31. Bxg6 1-0

[Event "I Festival Spiaggia di Velluto A"]
[Site "Senigallia ITA"]
[Date "2010.07.31"]
[Round "7"]
[White "Simeone, Giulio"]
[Black "Turazza, Andrea"]
[Result "0-1"]
[WhiteElo "1911"]
[BlackElo "1857"]
[PlyCount "74"]
[EventDate "2010.07.26"]

1. c4 f5 2. e4 d6 3. Nc3 Nf6 4. Nf3 e5 5. exf5 Bxf5 6. Qb3 b6 7. g3 Nbd7 8. d4
exd4 9. Nxd4 Nc5 10. Qd1 Qe7+ 11. Be3 Bg4 12. Qc2 g6 13. Bg2 Rc8 14. b4 Ncd7
15. Bb7 Bh6 16. Bxc8 Bxe3 17. Bxd7+ Nxd7 18. Nd5 Qe5 19. fxe3 O-O 20. Qc3 c5
21. Nc2 Qe4 22. Ne7+ Qxe7 23. Kd2 Rf2+ 24. Kc1 Bf5 25. Ne1 Qe4 26. Rg1 cxb4 27.
Qd3 Qxd3 28. Nxd3 Bxd3 29. Rd1 Nc5 30. Rd2 Rxd2 31. Kxd2 Bxc4 32. Kc2 a5 33.
Rd1 Ne4 34. Kb2 d5 35. a3 bxa3+ 36. Kxa3 b5 37. Rc1 Nc5 0-1

[Event "I Festival Spiaggia di Velluto A"]
[Site "Senigallia ITA"]
[Date "2010.07.31"]
[Round "7"]
[White "Spilli, Andrea"]
[Black "Padovani, Alessio"]
[Result "1-0"]
[WhiteElo "1757"]
[BlackElo "1976"]
[PlyCount "137"]
[EventDate "2010.07.26"]

1. d4 f5 2. Bg5 g6 3. h4 Bg7 4. c3 d6 5. e3 Nd7 6. Nd2 h6 7. Bf4 e5 8. dxe5
dxe5 9. Bg3 Ngf6 10. Qb3 Qe7 11. O-O-O c6 12. f3 a5 13. e4 Nc5 14. Qc2 f4 15.
Bf2 b5 16. Bxc5 Qxc5 17. Nb3 Qe7 18. Qd2 Bf8 19. Kb1 Be6 20. Nc1 Qb7 21. g3
fxg3 22. Nge2 b4 23. Rg1 a4 24. Rxg3 Rg8 25. Bg2 Nh5 26. Bh3 Qe7 27. Bxe6 Qxe6
28. Rg2 bxc3 29. Qxc3 Rg7 30. Nd3 Rd7 31. Rc1 Rad8 32. Qxe5 Qxe5 33. Nxe5 Rd2
34. Nc4 R2d3 35. f4 Nf6 36. Rxg6 Nd7 37. Re6+ Kf7 38. Rxc6 Rb8 39. Rc7 Ke8 40.
Kc2 Rh3 41. Rd1 Nc5 42. Nc3 Rh2+ 43. Rd2 Rxh4 44. Rf2 Ne6 45. Ra7 Bc5 46. Ra6
Bxf2 47. Rxe6+ Kf7 48. f5 Rh2 49. Kd3 Rd8+ 50. Nd5 Bc5 51. Ne5+ Kg8 52. Kc3 Rc8
53. Rg6+ Kf8 54. Nd7+ Kf7 55. Nxc5 Rxc5+ 56. Kd4 Rcc2 57. e5 Rcd2+ 58. Kc5
Rxd5+ 59. Kxd5 Rd2+ 60. Kc4 Rxb2 61. Rxh6 Rxa2 62. Rh7+ Kg8 63. Ra7 Re2 64. Kd5
Rd2+ 65. Ke6 Rd4 66. Kf6 Rb4 67. e6 Rc4 68. Ra8+ Kh7 69. e7 1-0

[Event "I Festival Spiaggia di Velluto A"]
[Site "Senigallia ITA"]
[Date "2010.07.31"]
[Round "7"]
[White "Vesce, Emanuele"]
[Black "Faini, Marco"]
[Result "0-1"]
[WhiteElo "1735"]
[BlackElo "1936"]
[PlyCount "52"]
[EventDate "2010.07.26"]

1. e4 c5 2. Nf3 d6 3. d4 cxd4 4. Nxd4 Nf6 5. Nc3 a6 6. Bg5 e6 7. f4 Nbd7 8. Qf3
Qc7 9. O-O-O b5 10. Bxf6 Nxf6 11. e5 Bb7 12. Qg3 Nd5 13. Bxb5+ axb5 14. Ndxb5
Qb6 15. exd6 Bxd6 16. Nxd6+ Qxd6 17. Nxd5 Bxd5 18. Qxg7 Qxf4+ 19. Rd2 Ke7 20.
a3 Rag8 21. Qc3 Rxg2 22. Qc5+ Kf6 23. Qc3+ Kg6 24. Rhd1 Rg8 25. b4 Bf3 26. Rf1
Rd8 0-1

[Event "I Festival Mediterraneo A"]
[Site "Terrasini ITA"]
[Date "2010.07.15"]
[Round "7"]
[White "Ceccarini, Marco"]
[Black "Di Misa, Salvatore"]
[Result "1-0"]
[WhiteElo "2063"]
[BlackElo "1906"]
[PlyCount "119"]
[EventDate "2010.07.11"]

1. e4 c5 2. Nc3 Nc6 3. g3 g6 4. Bg2 Bg7 5. d3 e6 6. Be3 Nd4 7. Qd2 Ne7 8. Nd1
d6 9. c3 Ndc6 10. Bh6 Bf6 11. Ne2 Ne5 12. Ne3 Ng8 13. Bf4 g5 14. Bxe5 dxe5 15.
Ng4 Bg7 16. h4 h5 17. Ne3 g4 18. O-O Ne7 19. f3 gxf3 20. Rxf3 Bh6 21. Qc2 Ng6
22. Raf1 Bd7 23. Nc4 Bc6 24. Rxf7 b5 25. R7f6 bxc4 26. Rxe6+ Ne7 27. d4 exd4
28. e5 Be3+ 29. Kh2 Bxg2 30. Qa4+ Qd7 31. Rxe7+ Kxe7 32. Rf7+ Kxf7 33. Qxd7+
Kg6 34. Kxg2 Raf8 35. Nf4+ Bxf4 36. gxf4 Rxf4 37. Qe6+ Kg7 38. Qe7+ Rf7 39.
Qxc5 dxc3 40. bxc3 Rg8 41. Qd5 Kf8+ 42. Kh3 Rg4 43. e6 Rff4 44. Qxh5 Rxh4+ 45.
Qxh4 Rxh4+ 46. Kxh4 Ke7 47. Kg4 Kxe6 48. Kf4 Kd5 49. Kf5 Kc5 50. Ke5 Kc6 51.
Kd4 Kd6 52. Kxc4 Kc6 53. a4 a5 54. Kd4 Kd6 55. c4 Kc6 56. c5 Kd7 57. Kd5 Kc7
58. c6 Kc8 59. Kc5 Kc7 60. Kb5 1-0

[Event "C.to Mondiale U20"]
[Site "Czarna POL"]
[Date "2010.08.04"]
[Round "2"]
[White "Pagerka, Martin"]
[Black "Dvirnyy, Danyyil"]
[Result "0-1"]
[WhiteElo "2215"]
[BlackElo "2457"]
[PlyCount "49"]
[EventDate "2010.08.03"]

1. e4 e6 2. d4 d5 3. Nc3 Bb4 4. e5 Ne7 5. a3 Bxc3+ 6. bxc3 c5 7. Nf3 b6 8. Bb5+
Bd7 9. Bd3 c4 10. Be2 Ba4 11. h4 Nbc6 12. h5 h6 13. Bf4 Kd7 14. Nd2 Qg8 15. Nf1
Qh7 16. Ne3 Qe4 17. Rh4 Nf5 18. Rg4 Nxe3 19. Bxe3 Bxc2 20. Qc1 Qh7 21. Rf4 Rhf8
22. a4 Ke7 23. a5 Rad8 24. axb6 axb6 25. Ra3 0-1

[Event "C.to Mondiale U20"]
[Site "Czarna POL"]
[Date "2010.08.04"]
[Round "2"]
[White "Stoyko, Maksym"]
[Black "Grandelius, Nils"]
[Result "0-1"]
[WhiteElo "2206"]
[BlackElo "2505"]
[PlyCount "72"]
[EventDate "2010.08.03"]

1. d4 Nf6 2. c4 g6 3. Nc3 d5 4. e3 Bg7 5. cxd5 Nxd5 6. Nxd5 Qxd5 7. Ne2 O-O 8.
Nc3 Qd8 9. Be2 e5 10. d5 c6 11. e4 cxd5 12. exd5 Nd7 13. h4 Nf6 14. Bb5 Qb6 15.
Qe2 Bf5 16. Be3 Qd6 17. Rd1 a6 18. Bd3 Bxd3 19. Qxd3 b5 20. a3 b4 21. axb4 Qxb4
22. Rd2 Rad8 23. g3 e4 24. Qe2 Nxd5 25. O-O Nxc3 26. bxc3 Rxd2 27. Bxd2 Qb2 28.
Qe1 Rc8 29. Bf4 Qb7 30. Bd2 Qd5 31. Qe2 a5 32. Re1 f5 33. Rc1 a4 34. c4 Qd3 35.
Qxd3 exd3 36. Bb4 Bb2 0-1

[Event "C.to Mondiale U20"]
[Site "Czarna POL"]
[Date "2010.08.06"]
[Round "4"]
[White "Stoyko, Maksym"]
[Black "Lis, Marek"]
[Result "1/2-1/2"]
[WhiteElo "2206"]
[BlackElo "2072"]
[PlyCount "67"]
[EventDate "2010.08.03"]

1. d4 d6 2. Nf3 Bg4 3. c4 Bxf3 4. exf3 Nd7 5. Be2 g6 6. Nc3 Bg7 7. Be3 Ngf6 8.
d5 O-O 9. O-O c6 10. Qd2 Rc8 11. dxc6 Rxc6 12. Rac1 a5 13. f4 b6 14. b3 Qb8 15.
Bf3 Rcc8 16. Rfd1 Nc5 17. Qc2 Rfe8 18. f5 Nfd7 19. Be2 Ne5 20. Qb1 Nc6 21. Nd5
Kh8 22. fxg6 hxg6 23. h4 e6 24. Nc3 Bf6 25. h5 Kg7 26. hxg6 fxg6 27. Ne4 Nxe4
28. Qxe4 Kf7 29. f4 Nb4 30. Bd3 Nxd3 31. Qxd3 Rcd8 32. Bd4 Bxd4+ 33. Qxd4 Qc7
34. Rc3 1/2-1/2

[Event "C.to Mondiale U20"]
[Site "Czarna POL"]
[Date "2010.08.06"]
[Round "4"]
[White "Thavandiran, Shiyam"]
[Black "Dvirnyy, Danyyil"]
[Result "1-0"]
[WhiteElo "2318"]
[BlackElo "2457"]
[PlyCount "101"]
[EventDate "2010.08.03"]

1. e4 e6 2. d4 d5 3. Nc3 Bb4 4. e5 Ne7 5. a3 Bxc3+ 6. bxc3 c5 7. Qg4 Qc7 8.
Qxg7 Rg8 9. Qxh7 cxd4 10. Ne2 Nbc6 11. f4 dxc3 12. Nxc3 a6 13. Bb2 Bd7 14.
O-O-O O-O-O 15. Qh4 Kb8 16. Kb1 Rc8 17. Qf2 Na5 18. Rg1 Nc4 19. Bxc4 Qxc4 20.
Qd4 Nf5 21. Qxc4 Rxc4 22. g3 Rh8 23. h4 Rg8 24. h5 Rg4 25. Rh1 Rc8 26. Rdg1 Bb5
27. a4 Bc6 28. Rh3 d4 29. Ne2 Be4 30. Nxd4 Nxd4 31. Bxd4 Rxc2 32. Ka1 Rc4 33.
Rd1 Rxa4+ 34. Kb2 Rc4 35. h6 Rc2+ 36. Ka3 Kc7 37. h7 Bxh7 38. Rxh7 Rxg3+ 39.
Kb4 a5+ 40. Kb5 Rb3+ 41. Ka4 Rf3 42. Rxf7+ Kc6 43. Bc3 b5+ 44. Kxa5 Ra2+ 45.
Kb4 Rxf4+ 46. Rxf4 Ra4+ 47. Kb3 Rxf4 48. Bb4 Rf3+ 49. Kc2 Rf2+ 50. Kc3 Rf3+ 51.
Rd3 1-0

[Event "C.to Mondiale U20"]
[Site "Czarna POL"]
[Date "2010.08.09"]
[Round "6"]
[White "Lomsadze, Davit"]
[Black "Dvirnyy, Danyyil"]
[Result "1-0"]
[WhiteElo "2364"]
[BlackElo "2457"]
[PlyCount "65"]
[EventDate "2010.08.03"]

1. g3 g6 2. Bg2 Bg7 3. Nf3 Nf6 4. O-O O-O 5. c4 d6 6. Nc3 e5 7. d4 Nbd7 8. h3
a6 9. a4 exd4 10. Nxd4 Re8 11. a5 Nc5 12. Qc2 c6 13. Rd1 Qe7 14. Ra3 Ne6 15.
Nf3 Nc5 16. Nd4 Ne6 17. Nf3 Nc5 18. b4 Bf5 19. Qa2 Nce4 20. Na4 d5 21. Nd4 Qxb4
22. g4 Be6 23. g5 Nh5 24. Nxe6 Rxe6 25. cxd5 cxd5 26. Nb6 Rd8 27. Nxd5 Rxd5 28.
Qxd5 Rd6 29. Bxe4 Rxd5 30. Bxd5 Be5 31. Rf3 Bf4 32. e4 Qa4 33. Rf1 1-0

[Event "C.to Mondiale U20"]
[Site "Czarna POL"]
[Date "2010.08.09"]
[Round "6"]
[White "Stoyko, Maksym"]
[Black "Narmontas, Matas"]
[Result "0-1"]
[WhiteElo "2206"]
[BlackElo "2379"]
[PlyCount "96"]
[EventDate "2010.08.03"]

1. d4 d5 2. c4 c6 3. Nf3 Nf6 4. Nc3 a6 5. e3 Bg4 6. Be2 b5 7. b3 e6 8. h3 Bxf3
9. Bxf3 Bd6 10. O-O O-O 11. Bb2 Nbd7 12. Be2 Qe7 13. c5 Bc7 14. b4 Ne4 15. Bd3
f5 16. Ne2 Qh4 17. Qe1 Qh6 18. a4 Ndf6 19. Bc1 Qh4 20. f4 Qh6 21. Bxe4 dxe4 22.
Bd2 Nd5 23. Kh2 g5 24. g3 Kh8 25. Rg1 Rg8 26. axb5 axb5 27. Qf2 Nf6 28. Qf1 Qh5
29. Rxa8 Rxa8 30. Nc3 gxf4 31. exf4 Nd5 32. Nxd5 exd5 33. Qd1 Qe8 34. Qb3 Ra4
35. g4 Qb8 36. Rf1 Qa8 37. Bc1 Ra2+ 38. Kg3 Re2 39. Rf2 Re1 40. Qc3 Rd1 41. Rd2
Bxf4+ 42. Kxf4 Qb8+ 43. Kg5 Rf1 44. Re2 Rf3 45. Re3 Qd8+ 46. Kh5 Qe8+ 47. Kh4
Qe7+ 48. g5 Rf4+ 0-1

[Event "C.to Mondiale U20"]
[Site "Czarna POL"]
[Date "2010.08.10"]
[Round "7"]
[White "Dvirnyy, Danyyil"]
[Black "Posedaru, Bogdan"]
[Result "1-0"]
[WhiteElo "2457"]
[BlackElo "2294"]
[PlyCount "82"]
[EventDate "2010.08.03"]

1. e4 e5 2. Nf3 Nf6 3. Nxe5 d6 4. Nf3 Nxe4 5. d4 d5 6. Bd3 Nc6 7. O-O Be7 8.
Nc3 Nxc3 9. bxc3 Bg4 10. Rb1 Rb8 11. Re1 O-O 12. Bf4 h6 13. h3 Bh5 14. g4 Bg6
15. Ne5 Nxe5 16. dxe5 Bc5 17. Bg3 h5 18. Kg2 h4 19. Bh2 Qd7 20. f4 Bxd3 21.
cxd3 d4 22. c4 f6 23. e6 Qc6+ 24. Qf3 Qxf3+ 25. Kxf3 Bd6 26. c5 Bxc5 27. f5 Bb6
28. Rec1 Rbc8 29. a4 c5 30. Rb5 c4 31. Rxc4 Rxc4 32. dxc4 Rc8 33. a5 Bd8 34.
Rxb7 Bxa5 35. Rxa7 Bb4 36. Rc7 Ra8 37. Rb7 Ra3+ 38. Ke4 Rxh3 39. Rxb4 Rxh2 40.
Rb8+ Kh7 41. Kxd4 Rd2+ 1-0

[Event "C.to Mondiale U20"]
[Site "Czarna POL"]
[Date "2010.08.10"]
[Round "7"]
[White "Roos, Adrian"]
[Black "Stoyko, Maksym"]
[Result "1-0"]
[WhiteElo "2097"]
[BlackElo "2206"]
[PlyCount "83"]
[EventDate "2010.08.03"]

1. e4 d6 2. d4 Nf6 3. Nc3 g6 4. Bg5 Bg7 5. Qd2 c6 6. f4 b5 7. Bd3 O-O 8. Nf3
Bg4 9. O-O Qb6 10. Ne2 c5 11. c3 Nc6 12. dxc5 Qxc5+ 13. Kh1 Bxf3 14. gxf3 Rfd8
15. b4 Qb6 16. a4 bxa4 17. Rxa4 a5 18. b5 Nb8 19. Nd4 Kf8 20. Rfa1 Nfd7 21. Nb3
Nc5 22. Nxc5 Qxc5 23. Rc4 Qb6 24. Rb1 Nd7 25. Rc6 Qb7 26. Bc4 Nf6 27. Qa2 Qd7
28. Kg2 h6 29. Bxf6 exf6 30. Bd5 f5 31. b6 Rac8 32. Rxc8 Rxc8 33. b7 Rb8 34.
Qxa5 fxe4 35. Bxe4 Bf6 36. Qa7 Qc7 37. Bd5 Kg7 38. c4 Bc3 39. Rb3 Ba5 40. Qd4+
f6 41. f5 gxf5 42. f4 1-0

[Event "C.to Mondiale U20"]
[Site "Czarna POL"]
[Date "2010.08.11"]
[Round "8"]
[White "Kanmazalp, Ogulcan"]
[Black "Dvirnyy, Danyyil"]
[Result "1/2-1/2"]
[WhiteElo "2381"]
[BlackElo "2457"]
[PlyCount "57"]
[EventDate "2010.08.03"]

1. e4 c5 2. Nf3 d6 3. d4 cxd4 4. Nxd4 Nf6 5. Nc3 Nc6 6. Bg5 Bd7 7. Qd2 Rc8 8.
O-O-O Nxd4 9. Qxd4 Qa5 10. Bd2 a6 11. Kb1 Qc5 12. Qxc5 Rxc5 13. f3 g6 14. Be3
Rc6 15. Bd4 Bg7 16. Nd5 Be6 17. Nxf6+ Bxf6 18. Bxf6 exf6 19. Bd3 Ke7 20. c3 Rc5
21. Bc2 h5 22. Rd4 Rhc8 23. Bb3 Bxb3 24. axb3 f5 25. exf5 Rxf5 26. Rhd1 Rc6 27.
Kc2 Re5 28. R1d2 Ke6 29. R4d3 1/2-1/2

[Event "C.to Mondiale U20"]
[Site "Czarna POL"]
[Date "2010.08.11"]
[Round "8"]
[White "Stoyko, Maksym"]
[Black "Pierard, Florian"]
[Result "1/2-1/2"]
[WhiteElo "2206"]
[BlackElo "2081"]
[PlyCount "60"]
[EventDate "2010.08.03"]

1. d4 d5 2. c4 c6 3. Nf3 Nf6 4. Nc3 dxc4 5. a4 Bf5 6. Nh4 Bg6 7. Nxg6 hxg6 8.
e4 e6 9. Bxc4 Bb4 10. Qd3 Qa5 11. O-O Nbd7 12. e5 Nd5 13. Nxd5 cxd5 14. Bb3 Rc8
15. Bg5 Nb8 16. Qb5+ Qxb5 17. axb5 a6 18. bxa6 Nxa6 19. Ba4+ Kf8 20. Rfc1 Rxc1+
21. Rxc1 Kg8 22. Be8 Ba5 23. Be7 Bb6 24. Rd1 Nc7 25. Bd8 Na8 26. Ra1 Kh7 27.
Bxb6 Rxe8 28. Bc5 Nc7 29. Kf1 Ra8 30. Rxa8 Nxa8 1/2-1/2

[Event "C.to Mondiale U20"]
[Site "Czarna POL"]
[Date "2010.08.12"]
[Round "9"]
[White "Dvirnyy, Danyyil"]
[Black "Krzyzanowski, Marcin"]
[Result "1/2-1/2"]
[WhiteElo "2457"]
[BlackElo "2377"]
[PlyCount "96"]
[EventDate "2010.08.03"]

1. e4 e5 2. Nf3 Nc6 3. Bb5 a6 4. Ba4 Nf6 5. O-O Nxe4 6. Re1 Nc5 7. Bxc6 dxc6 8.
Nxe5 Be7 9. d4 Ne6 10. Be3 O-O 11. c4 Bd6 12. f4 f6 13. Nd3 Be7 14. Nf2 g6 15.
Nc3 Ng7 16. Qf3 Be6 17. d5 cxd5 18. cxd5 Bf7 19. g4 Qd7 20. Rad1 Kh8 21. h3
Rad8 22. a3 Bg8 23. b4 b6 24. Bd4 h6 25. Qe4 Bd6 26. Qf3 Be7 27. Re2 Rde8 28.
Red2 Kh7 29. Be3 Bd6 30. Nfe4 f5 31. Nxd6 Qxd6 32. Rf2 Re7 33. Bd4 Qd7 34. Rfd2
Qe8 35. Bxg7 Kxg7 36. Re2 Rxe2 37. Nxe2 Qe7 38. Ng3 fxg4 39. hxg4 Qf6 40. Kg2
Qd6 41. Ne2 Kh7 42. Rd4 Re8 43. Nc3 Qf6 44. Rc4 Re7 45. Qd3 Rd7 46. Qe4 Re7 47.
Qd3 Rd7 48. Qe4 Re7 1/2-1/2

[Event "C.to Mondiale U20"]
[Site "Czarna POL"]
[Date "2010.08.13"]
[Round "10"]
[White "Gator, Mosab"]
[Black "Stoyko, Maksym"]
[Result "1/2-1/2"]
[WhiteElo "2121"]
[BlackElo "2206"]
[PlyCount "59"]
[EventDate "2010.08.03"]

1. e4 d6 2. d4 Nf6 3. Bd3 g6 4. c3 Bg7 5. Nf3 O-O 6. h3 Nbd7 7. O-O e5 8. Qc2
b6 9. Nbd2 Bb7 10. Re1 Re8 11. Nf1 d5 12. exd5 Nxd5 13. Bg5 Bf6 14. Bxf6 Qxf6
15. Bb5 c6 16. Bc4 Nc7 17. Ne3 exd4 18. Ng4 Qg7 19. cxd4 c5 20. Nfe5 Nxe5 21.
dxe5 Kh8 22. Rad1 Re7 23. Rd6 Ne8 24. Rdd1 h5 25. Nh2 Nc7 26. Qb3 Rae8 27. Re3
Ne6 28. Bxe6 Rxe6 29. Nf3 Bxf3 30. Rxf3 1/2-1/2

[Event "C.to Mondiale U20"]
[Site "Czarna POL"]
[Date "2010.08.13"]
[Round "10"]
[White "Platzgummer, Fabian"]
[Black "Dvirnyy, Danyyil"]
[Result "0-1"]
[WhiteElo "2351"]
[BlackElo "2457"]
[PlyCount "60"]
[EventDate "2010.08.03"]

1. d4 Nf6 2. Nf3 g6 3. c4 Bg7 4. g3 O-O 5. Bg2 d6 6. Nc3 Nbd7 7. O-O e5 8. e4
a6 9. Re1 exd4 10. Nxd4 Re8 11. h3 Rb8 12. b3 c5 13. Nc2 b5 14. Qxd6 bxc4 15.
e5 Nh5 16. g4 cxb3 17. gxh5 b2 18. f4 bxa1=Q 19. Nxa1 Qh4 20. Bd2 Rb6 21. Qd3
c4 22. Qe2 gxh5 23. Ne4 Nf8 24. Kh2 Rg6 25. Rf1 Bf5 26. Be1 Qd8 27. Qxc4 Rxg2+
28. Kxg2 Qa8 29. Kf3 Rc8 30. Qa4 Qd5 0-1